| 000 | 00320nam a2200097Ia 4500 | ||
|---|---|---|---|
| 082 | _a65.144 CORF | ||
| 245 | 0 | _aSuccessful interview skills : [how to present yourself with confidence] | |
| 100 |
_a CORFIELD, Rebecca ** London, 2R6 ** 4th ed ** * _9109189 |
||
| 942 | _cBK | ||
| 008 | 210825s9999 xx 000 0 und d | ||
| 999 |
_c497530 _d497529 |
||